000 00622nam a2200217 a 4500
005 20140310183312.0
008 051010s19uu xx 00 eng d
020 _a0-205-28535-X
050 _aPN 4756
_b.B561 1999
100 _aBlack, Jay
245 _aDoing business in journalism :
_ba handbook with case studies /
_cJay Black, Bob Steele and Ralph Barney.
250 _a3rd ed.
260 _aBoston :
_bMassachusetts,
_cc1999.
300 _a310 p. :
_c23 cm.
521 _aMC
650 _aJournalistic ethics.
700 _aSteele, Bob
700 _aBarney, Ralph
942 _cBK
_2lcc
_kFOR
999 _c21185
_d21185